[Event "Ricany op 20th"]
[Site "Ricany"]
[Date "2022.09.01"]
[Round "7"]
[White "Zemen, Pavel"]
[Black "Jun, Rudolf Jr"]
[Result "0-1"]
[WhiteElo "1731"]
[BlackElo "2165"]
[PlyCount "56"]
[EventDate "2022.08.27"]
[EventType "swiss"]
[EventRounds "9"]
[EventCountry "CZE"]
[SourceTitle "CBM 210 Extra"]
[Source "ChessBase"]
[SourceDate "2022.11.30"]
[SourceVersion "1"]
[SourceVersionDate "2022.11.30"]
[SourceQuality "1"]

1. e4 c5 2. Nf3 Nc6 3. d4 cxd4 4. Nxd4 Nf6 5. Nc3 e5 6. Ndb5 d6 7. Na3 a6 8. f3 Be6 9. Bg5 b5 10. Bxf6 gxf6 11. Nd5 Bg7 12. c3 Ne7 13. Nxe7 Qxe7 14. Nc2 0-0 15. Qd2 Rac8 16. Rd1 Rfd8 17. Nb4 a5 18. Nd5 Bxd5 19. Qxd5 Rc5 20. Qd2 f5 21. b4 axb4 22. cxb4 Rcc8 23. Bxb5 Qh4+ 24. g3 Qh3 25. exf5 e4 26. Kf2 Qxf5 27. Be2 exf3 28. Bd3 Bd4+ 0-1

[Event "Ricany op 20th"]
[Site "Ricany"]
[Date "2022.08.31"]
[Round "6"]
[White "Jun, Rudolf Jr"]
[Black "Pecka, Jan"]
[Result "1-0"]
[WhiteElo "2165"]
[BlackElo "1840"]
[PlyCount "63"]
[EventDate "2022.08.27"]
[EventType "swiss"]
[EventRounds "9"]
[EventCountry "CZE"]
[SourceTitle "CBM 210 Extra"]
[Source "ChessBase"]
[SourceDate "2022.11.30"]
[SourceVersion "1"]
[SourceVersionDate "2022.11.30"]
[SourceQuality "1"]

1. e4 c5 2. Nf3 Nc6 3. Bb5 g6 4. 0-0 Bg7 5. c3 e5 6. Bxc6 dxc6 7. d3 b6 8. Be3 Ba6 9. c4 Qd7 10. Qc2 0-0-0 11. Rd1 f5 12. Nc3 f4 13. Bc1 Kb8 14. a3 Qe7 15. b4 g5 16. bxc5 g4 17. Ne1 Qxc5 18. a4 Qd6 19. a5 Bb7 20. Ba3 Qf6 21. axb6 axb6 22. Rdb1 Ne7 23. Rxb6 Nc8 24. Rb3 f3 25. Rab1 Rd7 26. Na4 Bf8 27. Qb2 Qg7 28. Bxf8 Rxf8 29. Nc5 Rff7 30. Na6+ Ka8 31. Ra3 Na7 32. Qb6 1-0

[Event "Ricany op 20th"]
[Site "Ricany"]
[Date "2022.08.29"]
[Round "4"]
[White "Jun, Rudolf Jr"]
[Black "Novotny, Martin"]
[Result "0-1"]
[WhiteElo "2165"]
[BlackElo "2064"]
[PlyCount "116"]
[EventDate "2022.08.27"]
[EventType "swiss"]
[EventRounds "9"]
[EventCountry "CZE"]
[SourceTitle "CBM 210 Extra"]
[Source "ChessBase"]
[SourceDate "2022.11.30"]
[SourceVersion "1"]
[SourceVersionDate "2022.11.30"]
[SourceQuality "1"]

1. e4 e6 2. d4 d5 3. Nd2 c5 4. dxc5 Bxc5 5. exd5 exd5 6. Ngf3 Nf6 7. Bb5+ Nc6 8. 0-0 0-0 9. h3 h6 10. c3 a6 11. Bd3 Re8 12. Nb3 Bb6 13. Bf4 Ne4 14. Nfd4 Qf6 15. Be3 Bc7 16. Ne2 Ne5 17. f3 Ng5 18. Bxg5 hxg5 19. Nbd4 Nc4 20. Bxc4 dxc4 21. Qd2 Bf5 22. Nxf5 Qxf5 23. Nd4 Qe5 24. f4 gxf4 25. Rae1 Qd6 26. Qf2 Rad8 27. Rxe8+ Rxe8 28. Re1 Re5 29. Kf1 Bb6 30. Qf3 Rxe1+ 31. Kxe1 Bxd4 32. cxd4 Qb4+ 33. Kf1 Qxb2 34. Qd5 Qc1+ 35. Ke2 Qc3 36. Kf1 Qd3+ 37. Kf2 g6 38. Qxb7 Qe3+ 39. Kf1 Qxd4 40. Qxa6 c3 41. Qe2 Qc5 42. Qc2 Kg7 43. Ke2 Qe3+ 44. Kf1 f3 45. gxf3 Qxf3+ 46. Ke1 Qxh3 47. a4 Qe3+ 48. Kd1 g5 49. a5 Qd4+ 50. Kc1 Qg1+ 51. Qd1 Qxd1+ 52. Kxd1 g4 53. a6 g3 54. a7 g2 55. a8Q g1Q+ 56. Kc2 Qe3 57. Qg2+ Kh7 58. Qb7 Qd2+ 0-1

[Event "Ricany op 20th"]
[Site "Ricany"]
[Date "2022.08.27"]
[Round "1"]
[White "Meca, Viktor"]
[Black "Jun, Rudolf Jr"]
[Result "0-1"]
[WhiteElo "1796"]
[BlackElo "2165"]
[PlyCount "54"]
[EventDate "2022.08.27"]
[EventType "swiss"]
[EventRounds "9"]
[EventCountry "CZE"]
[SourceTitle "CBM 210 Extra"]
[Source "ChessBase"]
[SourceDate "2022.11.30"]
[SourceVersion "1"]
[SourceVersionDate "2022.11.30"]
[SourceQuality "1"]

1. e4 c5 2. Nf3 Nc6 3. d4 cxd4 4. Nxd4 Nf6 5. Nc3 e5 6. Ndb5 d6 7. Bg5 a6 8. Na3 b5 9. Bxf6 gxf6 10. Nd5 f5 11. c3 Bg7 12. exf5 Bxf5 13. Nc2 0-0 14. Nce3 Be6 15. g3 f5 16. Bg2 Rc8 17. 0-0 f4 18. Nc2 Ne7 19. Ncb4 a5 20. Nxe7+ Qxe7 21. Nd5 Qf7 22. Be4 Rc5 23. b4 Rxd5 24. Bxd5 Bxd5 25. h3 fxg3 26. fxg3 Qa7+ 27. Kh2 Rf2+ 0-1